000 00358nam a2200145Ia 4500
008 150201s1968 xx 000 0 und d
082 _a610
_bM1968F
100 _aFRANKLIN W. STAHILL
245 _aTHE MECHANICS OF INHERITANCE
250 _a1ST
260 _bPRENTICE-HALL
_aDELHI
_c1968
300 _a1-171
650 _aGENERAL DENTISTRY
942 _2ddc
_cBK
999 _c3272
_d3272